000
00305nam a22001337a 4500
008
170529b xxu||||| |||| 00| 0 eng d
020
_a
33596
041
_a
eng
080
_a
621
100
_a
27
101
_a
IM
245
_a
PROBLEMS ON THE DESIGN OF MACHINE ELEMENTS
_c
WINGREN, R.M
942
_2
udc
_c
BK
999
_c
14777
_d
14777